00947 a2200229 4500003000500000005001700005010001700022020001500039040000900054082001000063100002100073245007000094250001200164260004900176300003400225505011900259650003000378650002000408856010600428856009100534856009200625Nust20170207165829.0 a 2006271030 a0534950973 cNust00a511.31 aSipser, Michael.10aIntroduction to the theory of computation E-BookcMichael Sipser. a2nd ed. aBoston :bThomson Course Technology,cc2006. axix, 431 p. :bill. ;c25 cm. aPt. 1 Automata and Languages (Page-29), Pt. 2 Computability Theory (Page-123), Pt. 3 Complexity Theory (Page-223). 0aComputational complexity. 0aMachine theory.423Contributor biographical informationuhttp://www.loc.gov/catdir/enhancements/fy1103/2006271030-b.html423Publisher descriptionuhttp://www.loc.gov/catdir/enhancements/fy1103/2006271030-d.html423Table of contents onlyuhttp://www.loc.gov/catdir/enhancements/fy1103/2006271030-t.html